header

Floodaware final report (Record no. 29554)

MARC details
000 -LEADER
fixed length control field 01375nam a2200289Ia 4500
245 00 - TITLE STATEMENT
Title Floodaware final report
260 ## - PUBLICATION, DISTRIBUTION, ETC. (IMPRINT)
Place of publication Antony :
Name of publisher Cemagref Editions,
Year of publication c2000.
300 ## - PHYSICAL DESCRIPTION
Number of Pages 240 p. :
Other physical details ill., maps.
500 ## - GENERAL NOTE
General note Abstracts also in French.
650 #0 - SUBJECT ADDED ENTRY--TOPICAL TERM
Topical Term Flood forecasting
Topical Term Flood control
856 40 - ELECTRONIC LOCATION AND ACCESS
Uniform Resource Identifier http://site.ebrary.com/lib/rucke/Doc?id=10686519

No items available.

© 2026 Rongo University
Contact us: librarian | system librarian | Rongo university